00482 2200193 4500001002100000005001500021008004100036020001700077035002500094041000800119082000800127090000800135100002600143245003500169250001600204260003700220300002100257650001000278INLIS00000000000493020130515150547 ind  a99-56-0032-x a0010-051300000004930 aind aFik aFik aNurfahmi T., El Sha'b aLelaki Paling Romantis Sedunia aCetakan : 1 aJakartabGema Insani Pressc2005 a162 hlm. ;18 cm. aFiksi